G20 Member Countries - Statistics

General Stats
  • This quiz has been taken 98 times
  • The average score is 18 of 19
Answer Stats
IMF Country % Correct
Developing Brazil
100%
Advanced Canada
99%
Advanced Japan
99%
Developing India
98%
Advanced United Kingdom
98%
Advanced United States
98%
Advanced Australia
97%
Developing China
97%
Advanced France
97%
Advanced Italy
97%
Advanced Germany
96%
Developing Russia
96%
Advanced South Korea
94%
Developing Mexico
93%
Developing South Africa
91%
Developing Argentina
89%
Developing Saudi Arabia
88%
Developing Indonesia
87%
Developing Turkey
87%
No matching quizzes found
Score Distribution
Percent of People with Each Score
Percentile by Number Answered
Your Score History
You have not taken this quiz